Analýza webových stránok podľa právnej úpravy SR bakalárska práca

Salvato in:
Dettagli Bibliografici
Autore principale: Polák, Krištof
Ente Autore: Fakulta hospodárskej informatiky EU. Katedra účtovníctva a audítorstva
Altri autori: Mateášová, Martina, 1979-
Natura: Libro
Lingua:slovacco
Pubblicazione: Bratislava 2023
Tags: Aggiungi Tag
Nessun Tag, puoi essere il primo ad aggiungerne!!

MARC

LEADER 00000nbm a2200000 4500
001 0295002
005 20240320135840.9
041 0 |a slo 
044 |a SK 
245 1 0 |a Analýza webových stránok podľa právnej úpravy SR  |b bakalárska práca  |c Krištof Polák ; školiteľ: Martina Mateášová 
264 1 |a Bratislava  |c 2023 
300 |a 56 s. 
100 1 |a Polák, Krištof 
700 1 |a Mateášová, Martina, 1979- 
710 2 |a Fakulta hospodárskej informatiky EU. Katedra účtovníctva a audítorstva